Adapting the behavior of a job-shop scheduling system.
Prezentácia plánovacieho systému SONJA založeného na vedomostiach, ktorý generuje a kontroluje plány výroby, t.j. priraďuje zdroje (napríklad stroje) a určuje začiatok a koniec pracovných operácií, pričom vie pracovať aj vtedy, keď sa vyskytujú neočakávané udalosti.
Saved in:
| Main Author: | |
|---|---|
| Other Authors: | |
| Format: | Book Chapter |
| Language: | English |
| Subjects: | |
| Tags: |
No Tags, Be the first to tag this record!
|
MARC
| LEADER | 00000naa a2200000 4500 | ||
|---|---|---|---|
| 001 | r007357 | ||
| 005 | 20221130102810.5 | ||
| 041 | 0 | |a eng | |
| 044 | |a NL | ||
| 245 | 1 | 0 | |a Adapting the behavior of a job-shop scheduling system. |c A. Collinot, C. Le Pape |
| 520 | |a Prezentácia plánovacieho systému SONJA založeného na vedomostiach, ktorý generuje a kontroluje plány výroby, t.j. priraďuje zdroje (napríklad stroje) a určuje začiatok a koniec pracovných operácií, pričom vie pracovať aj vtedy, keď sa vyskytujú neočakávané udalosti. | ||
| 610 | 2 | 0 | |a plánovanie výroby |
| 610 | 2 | 0 | |a báza znalostí |
| 610 | 2 | 0 | |a heuristika |
| 610 | 2 | 0 | |a plánovanie strategické |
| 610 | 2 | 0 | |a fondy výrobné |
| 100 | 1 | |a Collinot, A. | |
| 700 | 1 | |a Le Pape, C. | |